| 000 | 01764nam a22002537a 4500 | ||
|---|---|---|---|
| 999 |
_c6590 _d6590 |
||
| 003 | OSt | ||
| 005 | 20200225092418.0 | ||
| 008 | 200225s2019 ck ao||er|||| 00| 0 spa d | ||
| 020 | _a9789585487604 | ||
| 040 |
_aCO-JMCR _cCO-JMCR |
||
| 041 | 0 | _aspa | |
| 082 | 0 | 4 |
_a782.42166 / _bG216c |
| 100 | 1 |
_aGarcía Ángel, Antonio, _eeditor _9809 |
|
| 245 | 1 | 0 |
_aCancionero de rock al parque / _c[Antonio García Ángel, editor] |
| 250 | _aPrimera edición | ||
| 260 |
_aBogotá : _bAlcaldía Mayor de Bogotá ; Instituto Distrital de las Artes Idartes, _c2019 |
||
| 300 |
_a111 páginas : _bilustraciones y fotografías a blanco y negro ; _c17 cm. |
||
| 490 | 0 |
_aLibro al viento lateral ; _v141 |
|
| 504 | _aBibliografía: página12 | ||
| 505 | 0 |
_tCancionero de rock al parque / _rAntonio García Ángel _tEl platanal / _r1280 Almas _tLa Gomela / _rAterciopelados _tEl rock no te necesita / _rHora Local _tEl Puente de los Aburridos / _rLa Derecha _tAmor (fábula) / _rLa Pestilencia _tEl quieto / _rUltrágeno _tEl cartucho / _rSuperlitio _tVerdún 1916 / _rNeurosis _tAma-zonas _rDoctor Krápula _tBotín de guerra / _rPolikarpa y Sus Viciosas _tNo importa / _rOdio a Botero _tEl tecno apesta / _rTriple X _tBogotá firme / _rPornomotora _tCalcetos / _rCiegossordomudos _tOpium Street / _rLos Elefantes _tCalibre 24 / _rMorfonia _tLegal / _rAlerta kamarada _tUna cerveza, un amigo y una canción / _rLa Severa Matacera _tBogotá / _rDistrito Especial _tTribulación / _rEl Sagrado _tCielo adentro / _rAlfonso Espriella _tBogotá / _rAguas Ardientes _tNo me gustan tus patines / _rCurupira _tSin mirar atrás / _rCarlos Reyes & La Killer band _tAl parque / _rAterciopelados |
|
| 650 | 1 | 4 |
_aCancionero _9892 |
| 650 | 1 | 4 |
_aCancionero _xRock al parque _9893 _zBogotá(Colombia) |
| 942 |
_2ddc _cBK |
||